| 000 | 00672nam a22002057a 4500 | ||
|---|---|---|---|
| 003 | NUST | ||
| 005 | 20240719114153.0 | ||
| 008 | 190725b ||||| |||| 00| 0 eng d | ||
| 038 | _aMr. Noman Tariq | ||
| 082 | _a200 | ||
| 100 |
_aMehdi, Niaz _918575 |
||
| 245 |
_aDESIGN AND IMPLEMENTATION OF ANTI-WINDUP COMPENSATORS FOR CASCADED DYNAMIC SYSTEMS / _cNiaz Mehdi. |
||
| 260 |
_aIslamabad: _bCEME - NUST, _c2017. |
||
| 300 |
_a79 p.: ill.; _c30cm. |
||
| 500 | _aHardcover. | ||
| 650 |
_aPhD- Mechanical Engineering _984150 |
||
| 700 |
_aSupervisor:Dr. Fahad Mumtaz Malik _917335 |
||
| 856 | _u http://10.250.8.41:8080/xmlui/handle/123456789/26245 | ||
| 942 |
_2ddc _cSC |
||
| 999 |
_c527362 _d527362 |
||